01599cam a22003737i 450000100090000000300090000900500170001800800410003502000250007602000150010103500180011603500200013403500240015404000430017808200210022110000470024224500550028926400450034426400100038930000450039933600260044433700280047033800270049850002490052550000360077450400520081065000390086265000450090165500170094685600760096394200120103999900170105195201570106815287557EG-ScBUE20250526094645.0080503t2008 nyua f b 001 0 eng d a9780071543828 (pbk.) a0071543821 a(DLC)15287557 a(DLC)2008299146 a(OCoLC)ocn213810569 aEG-ScBUEbengerdacEG-ScBUEdEG-ScBUE04a530.143222bMCM1 aMcMahon, Davidq(David M.),eauthor.9396810aQuantum field theory demystified /cDavid McMahon. 1aNew York, N.Y. : bMcGraw-Hill, c[2008] 4cc2008 axvi, 299 pages :billustrations ;c24 cm 2rdacontentatextbtxt aunmediated2rdamediabn avolumebnc2rdacarrier a"Covers the essential principles and mathematical framework of quantum field theory; loaded with sample equations and solutions; perfect for self-study or as a classroom supplement; complete with end-of-chapter quizzes and a final exam"--Cover. a"A self-teaching guide"--Cover. aIncludes bibliographical references and index.  7aQuantum field theory.939712BUEsh 7aParticles (Nuclear physics)939722BUEsh vReading book413Table of contentsuhttp://www.loc.gov/catdir/toc/fy0804/2008299146.html 2ddccBB c11362d11362 00102ddc40708BaccahaMAINbMAINc1STd2009-04-21epurchaseg140.48h7117l1o530.143 MCMp000016060r2025-07-15 00:00:00s2010-05-09w2009-04-21yBB